Quizzes
Events
Quiz Creation
Community
Videos
Private Events
Remove Ads
Sign In
Join for FREE
Feedback
Dark Mode
Quiz Categories
Sports
Geography
Music
Movies
Television
Just For Fun
Miscellaneous
History
Literature
Language
Science
Gaming
Entertainment
Religion
Holiday
For Kids
Quiz Lab
Recent
Popular Today
Quiz Kudos Today
Editor Picks
Curator Picks
Quizzes by...
Day
Popularity
Type
Ratings
Length
Year
Community
Subscriptions
Recent Discussions
Orange Saloon
Badges
Playlists
Quests
Create
Leaderboards
Showdown
Live 5
Trivia Bingo
Activity
Puzzle Library
Sporcle Events
Private Events
Virtual Trivia
Globe League
Become a Host
Pub Owners
SporcleCon
Opinionation
Our Games
Videos
Blog
Mobile Apps
Partnerships
Remove Ads and Go Orange
Feedback
Religion
Mythology
Religious Music
World Religions
Bible
Christianity
Catholicism
Judaism
Church
Scripture
Islam
Verse
Religion
Mythology
Religious Music
World Religions
Bible
Christianity
Catholicism
Judaism
Church
Scripture
Islam
Verse
Random Quiz
Search Sporcle
×
Quiz Lab
Quiz Lab
Religion
Islam
Type in answers that appear in a list
Type in answers that appear in a list
Classic
Best Score? Go Orange.
Islamic Denominations Stats
Can you name the most notable denominations of Islam?
By
zektong
5m
8 Questions
250 Plays
250 Plays
250 Plays
Comments
Comments
Give Quiz Kudos
Give Quiz Kudos
-
- Ratings
hide this ad
Replay
Link that replays current quiz
Next Quiz
Link to next quiz in quiz playlist
You Got
0%
They Got
Avg Score
50%
Avg Friend Score
Upgrade to see
Score Distribution
Jump to the score distribution portion of the page
Score
0/8
Timer
05:00
0
Plays Today
Sect
% Correct
Sunni Islam
98.8%
Shia Islam
98.8%
Sufism
68.8%
Ibadi
46.4%
Salafiyyah
30.4%
Ahmadiyya
27.2%
Nation of Islam
18.4%
Quranism
15.6%
Quiz Playlist
Details
Report
Send in Message
Add To Playlist
Classic:
Type in answers that appear in a list
Last Updated: Feb 16, 2017
Quiz Scoreboard
CHALLENGE
Sign Up to Join the Scoreboard
Show All
Scores
Hide
Comments
May contain spoilers
Recently Published
College Basketball Coaching Resumes
by pancakes188
Sports
9m
Billboard Blitz: Fleetwood Mac
by CooCooCachoo
Music
15s
Presidents Visiting Landmarks
by Hejman
History
7m
More to Explore
Quiz From the Vault
Featured Blog Post
Where Did the Easter Bunny Come From?
hide this ad
You Might Also Like...
Tags
Islam Quiz
islamic
muslim
sect
Today's Top Quizzes in Religion
Browse Religion
hide this ad
Today's Top Quizzes in Islam
Browse Islam
Top Contributed Quizzes in Religion
1
5-to-1: Children of Gods
2
5-to-1: European Churches
3
One Thing in Common: Mythology
4
10 to 1: Islam
5
One Thing in Common: Mythology II
6
Prime Time: Religion
7
Order Up: Seven Last Words of Christ
8
One Thing in Common: Religion
9
One Thing in Common: Religion and Mythology
10
Religion Who Wants To Be A Millionaire
Explore More
Trending Topics
Crossword
Disney
Anime
Kpop
Marvel
Harry Potter
NBA
WWE
NFL
The Office
Soccer
Pokémon
Country
Song
Puzzle
hide this ad
More By:
zektong
Quiz
Plays
Rating
Category
Featured
Created
Martin Luther King Jr. or Malcolm X?
3,700
4.50
History
Apr 11, 2012
'An Idiot Abroad' Countries
1,240
4.60
Television
Dec 22, 2011
Islamic Denominations
250
Religion
Jan 1, 2012
Chandler Bing's Job
226
3.20
Television
Apr 16, 2012
Neglected Tropical Diseases
167
5.00
Science
Sep 30, 2014
Go to Creator's Profile
Score Distribution
Quiz Creator Spotlight
zektong
Follow
Send a Message
Quizzes Created
-
Created Quiz Play Count
-
More By This Creator
Popular Quizzes Today
1
Find the US States - No Outlines Minefield
2
Find the Countries of Europe - No Outlines Minefield
3
The Countries of the World
4
Find the US States
5
Risky Map Clicking: Biggest States A-Z
6
US States
7
Popular People in 1961
8
Movies - When Are They Set?
More Religion Quizzes
Satanism Symbols
Quiz Lab
Trending Quizzes
Risky Map Clicking: Least Populous States A-Z
1-10 Letter G Words
1-10 Letter F Words
Risky Map Clicking: Next State Alphabetically
Click the Washington State Counties! (Map)
Recently Updated
Leaping Animals
pecheneg
Reality TV Shows (A-Z)
bhenderson79
Rickey Henderson's Hall of Fame Teammates
pecheneg
Champions League XIs: Arsenal
pecheneg
Quick Pick: Celebrities in WWE's Hall of Fame
aduchscher
A-Z Keypad Blitz II
pecheneg
Multiple Oscar Actors
pecheneg
Mystery Phrase Blitz: Oscar 'Best Actors'
pecheneg
F. Scott Fitzgerald Novels
LTH
Pick 3 Villains
ddd62291
Trending Topics
Kpop
Marvel
Harry Potter
Anime
Crossword
NBA
Disney
Pokémon
Soccer
The Office
Puzzle
NFL
WWE
Song
Country
Your Account Isn't Verified!
In order to create a playlist on Sporcle, you need to verify the email address you used during registration. Go to your
Sporcle Settings
to finish the process.
Report this User
Report this user for behavior that violates our
Community Guidelines
.
Details:
Send Report
Go to the Sporcle.com Mobile Site →
Comments